Diffusion : mass transfer in fluid systems (Record no. 70191)

000 -LEADER
fixed length control field 00455nam a22001817a 4500
003 - CONTROL NUMBER IDENTIFIER
control field NUST - PNEC
005 - DATE AND TIME OF LATEST TRANSACTION
control field 20170116181135.0
008 - FIXED-LENGTH DATA ELEMENTS--GENERAL INFORMATION
fixed length control field 151007b xxu||||| |||| 00| 0 eng d
020 ## - INTERNATIONAL STANDARD BOOK NUMBER
International Standard Book Number 817596037X
040 ## - CATALOGING SOURCE
Transcribing agency LIBRARY
082 ## - DEWEY DECIMAL CLASSIFICATION NUMBER
Classification number 660.24423 CUS
100 ## - MAIN ENTRY--PERSONAL NAME
9 (RLIN) 14238
Personal name Cussler, E.L
245 ## - TITLE STATEMENT
Title Diffusion : mass transfer in fluid systems
Statement of responsibility, etc. E.L. Cussler
250 ## - EDITION STATEMENT
Edition statement 2nd ed.
260 ## - PUBLICATION, DISTRIBUTION, ETC.
Date of publication, distribution, etc. c.1998
650 ## - SUBJECT ADDED ENTRY--TOPICAL TERM
9 (RLIN) 14239
Topical term or geographic name entry element Diffusion
942 ## - ADDED ENTRY ELEMENTS (KOHA)
Source of classification or shelving scheme
Koha item type Book
Holdings
Withdrawn status Lost status Source of classification or shelving scheme Damaged status Not for loan Permanent Location Current Location Shelving location Date acquired Total Checkouts Full call number Barcode Date last seen Price effective from Koha item type
          Pakistan Navy Engineering College (PNEC) Pakistan Navy Engineering College (PNEC)       660.24423 CUS PNECLIB-025601 10/07/2015   Book
© 2023 Central Library, National University of Sciences and Technology. All Rights Reserved.